Responses for show #8283 - Wednesday, November 18, 2020

Andy Wood game 3.

Contestants

[<< previous game]

Deanna Bolio, a communications specialist from Campbell, California

Kevin Karp, a screenwriter from Scottsdale, Arizona

Andy Wood, a writer originally from Ann Arbor, Michigan (whose 2-day cash winnings total $47,598)

[next game >>]

Jeopardy! Round responses

AROUND THE WORLD
I GOT THEM HISTORICAL BLUES
FOOD
V.O. INITIALS
(Alex: We'll give you the initials; you identify the artist doing the voice over.)
REQUESTS
THE PHRASE THAT PAYS
    $200 17
the Thames

Kevin
    $200 30
(Ulysses) Grant

Andy
    $200 12
the fig

Deanna
    $200 2
Seth MacFarlane

Andy
    $200 11
an appeal

Deanna
    $200 5
two cents

Deanna
    $400 18
Tijuana

Andy
    $400 29
the Orient Express

Deanna
    $400 13
the Whopper

Deanna
    $400 3
John C. Reilly

Andy
    $400 22
a friend request

Deanna
    $400 6
a nickel

Andy
    $600 19
Baghdad

Deanna
    $600 26
Paul Revere

Deanna
    $600 14
fudge

Andy
    $600 4
Larry the Cable Guy

Deanna
    $600 23
a glass of water

Deanna
    $600 7
a dime

Andy
    $2,000 20
Kodiak

Deanna
    $800 27
(Kevin: What is Sing Sing?)

Attica

AndyKevin
    $800 15
scones

Deanna
    $800 10
Patton Oswalt

Andy
    $800 24
"As Time Goes By"

Andy
    $800 8
the bottom line

Andy
    $1000 21
the Atlas Mountains

Deanna
    $1000 28
Maginot

Kevin
    $1000 16
(Kevin: What is tortellini?)

fusilli

KevinDeanna
    $1000 1
Elizabeth Banks

Triple Stumper
    $1000 25
HTTP

Kevin
    $1000 9
a king's ransom

Andy

Scores at the first commercial break (after clue 15):

Andy Kevin Deanna
$4,800 $0 $2,400

Scores at the end of the Jeopardy! Round:

Andy Kevin Deanna
$7,000 $400 $9,000

Double Jeopardy! Round responses

'90s NEWSMAKERS
ANIMAL ETYMOLOGY
WORRY LINES
ONE-SUBJECT NONFICTION
TV CRIME SHOWS
STARTS WITH "E"
    $400 2
Mandela

Kevin
    $400 11
(Deanna: What is a spider?)

the octopus

KevinDeanna
    $400 22
(Bobby) McFerrin

Andy
    $400 17
a screwdriver

Deanna
    $400 13
Jason Bateman

Deanna
    $400 29
evasive

Deanna
    $800 7
(Norman) Schwarzkopf

Kevin
    $800 6
the orangutan

Deanna
    $800 23
Alfred E. Neuman

Andy
    $800 18
milk

Deanna
    $800 14
Killing Eve

Andy
    $800 1
effigy

Deanna
    $1200 8
Dr. Kevorkian

Deanna
    $1200 12
(Kevin: What is Shoshone?)

the caribou

KevinDeanna
    $1200 24
smile, smile, smile

Triple Stumper
    $2,000 19
sand

Deanna
    $1200 15
Mayans

Triple Stumper
    $1200 3
the epicenter

Kevin
    $1600 9
(Kevin: Who is Condoleezza Rice?)

Madeleine Albright

KevinDeanna
    $1600 27
(Kevin: What is porcupine?)

porpoise

Kevin
Triple Stumper
    $1600 25
Greenspan

Kevin
    $1600 20
Chanel No. 5

Deanna
    $1600 16
Good Girls

Andy
    $1,500 4
Epiphany

Kevin
    $2000 10
(Deanna: Who is Dellums?)

(David) Dinkins

AndyDeanna
    $2000 28
a dormouse

Andy
    $2000 26
the Talmud

Kevin
    $2000 21
(Andy: What's the slide rule?)

zero

Andy
Triple Stumper
    $2000 30
Peaky Blinders

Kevin
    $2000 5
ebullient

Kevin

Scores at the end of the Double Jeopardy! Round:

Andy Kevin Deanna
$12,600 $7,900 $17,800

[wagering suggestions for these scores]

Final Jeopardy! Round responses

COUNTRY NAME ORIGINS
KevinWhat is the Philippines?
$7,000
AndyWhat is Phillipines?
$4,600
DeannaWhat is hip
$7,401
the Philippines

Final scores:

Andy Kevin Deanna
$17,200 $14,900 $10,399
3-day champion: $64,798 2nd place: $2,000 3rd place: $1,000

Game dynamics:

Coryat scores:

Andy Kevin Deanna
$12,600 $8,000 $15,800
18 R,
1 W
12 R
(including 1 DD),
5 W
25 R
(including 2 DDs),
2 W

Combined Coryat: $36,400

The J! Archive is created by fans, for fans. The Jeopardy! game show and all elements thereof, including but not limited to copyright and trademark thereto, are the property of Jeopardy Productions, Inc. and are protected under law. This website is not affiliated with, sponsored by, or operated by Jeopardy Productions, Inc. Join the discussion at JBoard.tv.